Catalog

Record Details

Catalog Search



Indulgences : A History of Theology and Reality of Indulgences and Purgatory. A Protestant Evalution / Thomas Schirrmacher. Cover Image Book Book

Indulgences : A History of Theology and Reality of Indulgences and Purgatory. A Protestant Evalution / Thomas Schirrmacher.

Schirrmacher, Thomas (Author). : : (Author).

Record details

  • ISBN: 978-3-86269-023-7
  • Physical Description: 160 s.
  • Edition: 2nd, corrected edition
  • Publisher: Bonn : Verlag für Kultur und Wissenshaft, 2012

Available copies

  • 1 of 1 copy available at Common Catalog SPOK.

Holds

  • 0 current holds with 1 total copy.
Show Only Available Copies
Location Call Number / Copy Notes Barcode Shelving Location Status Due Date
ETS Library 230.044 424470017087 Volný výběr Available -

LDR 00813nam a2200265 i 4500
00136944
003CZ-PrJAB
00520190511140710.0
007ta
008 s2012 xr e 000 0 cze
020 . ‡a978-3-86269-023-7
035 . ‡a(CONS)14346
040 . ‡aABG450 ‡bcze ‡erda
072 7. ‡2Konspekt
082 . ‡a230.044
1001 . ‡aSchirrmacher, Thomas
1112 . ‡n: ‡d:
24510. ‡aIndulgences : ‡bA History of Theology and Reality of Indulgences and Purgatory. A Protestant Evalution / ‡nThomas Schirrmacher.
250 0. ‡a2nd, corrected edition
264 1. ‡aBonn : ‡bVerlag für Kultur und Wissenshaft, ‡c2012
300 . ‡a160 s.
336 . ‡atext ‡btxt ‡2rdacontent
338 . ‡asvazek ‡bnc ‡2rdacarrier
8524 . ‡bETS ‡bETS ‡cVolný výběr ‡j230.044 ‡p424470017087 ‡y$50.00
910 . ‡aABG450
999 . ‡a14346 ‡c14346 ‡tbiblio
905 . ‡uadmin
901 . ‡a36944 ‡b ‡c36944 ‡tbiblio ‡sets

Additional Resources